000 00318nam a22001457a 4500
041 _aENG
100 _aSmith.A.E
245 _aFarm Machinery and Equipment
250 _aSixth Edition
260 _aNew Delhi
_bTata McGraw Hill
_c1984
300 _a488
650 _aFMP
700 _aWilkes.M.S
856 _uFMP ( 16 )
999 _c2492
_d2492